000 00539nam a2200193Ia 4500
003 IN-BaIIA
008 211028s9999 xx 000 0 eng d
040 _cIIA Library
080 _a92(54)
_bREF-1
245 0 _aReference India
_cedited by K. L. Gupta
250 _a2nd ed.
260 _aDelhi
_bTradesman and Men
_c1975
300 _a416p.
650 _aGeneral
_99574
650 _aNASA thesaurus
650 _aReference India
_910457
700 _aGupta, K. L., ed.
_94328
942 _cBK
999 _c6028
_d6028